Freedom to leave (Record no. 82731)

MARC details
000 -LEADER
fixed length control field 00699cab a22001935a 4500
001 - CONTROL NUMBER
control field L151213
008 - FIXED-LENGTH DATA ELEMENTS--GENERAL INFORMATION
fixed length control field 101007e20100828xxk 000 0 eng d
035 ## - SYSTEM CONTROL NUMBER
System control number (Sirsi) u151213
041 0# - LANGUAGE CODE
Language code of text/sound track or separate title eng
100 1# - MAIN ENTRY--PERSONAL NAME
Personal name Cattell, Sophie
245 00 - TITLE STATEMENT
Title Freedom to leave
260 ## - PUBLICATION, DISTRIBUTION, ETC.
Date of publication, distribution, etc. 2010
490 ## - SERIES STATEMENT
Series statement Estates Gazette
Volume/sequential designation (1034) 28 August 2010, 77(1)
520 ## - SUMMARY, ETC.
Summary, etc. Landlord and Tenant (Covenants) Act 1995 reforms. Includes information about Section 6 of the 1995 Act which gives Landlords the statutory right to apply to the tenants of new tenancies to be release from their covenants.
590 ## - LOCAL NOTE (RLIN)
Local note KA
651 #4 - SUBJECT ADDED ENTRY--GEOGRAPHIC NAME
Geographic name England and Wales
Chronological subdivision 1543-
690 ## - LOCAL SUBJECT ADDED ENTRY--TOPICAL TERM (OCLC, RLIN)
Topical term or geographic name as entry element LANDLORD AND TENANT COVENANTS ACT 1995
942 ## - ADDED ENTRY ELEMENTS (KOHA)
Suppress in OPAC 0
Holdings
Withdrawn status Lost status Source of classification or shelving scheme Damaged status Not for loan Home library Current library Shelving location Date acquired Total Checkouts Full call number Barcode Date last seen Copy number Price effective from Koha item type
    Dewey Decimal Classification     London London Journal article 07/10/2010   L151213 151213-1001 06/08/2019 1 06/08/2019 Journal article